000 01294cad a22002175a 4500
001 L149273
008 100215s2010 xxk f 000 0 eng d
035 _a(Sirsi) u149273
041 0 _aeng
050 0 4 _a333 $2 18
110 2 _aLocal Data Company
_95825
245 0 0 _aEnd of year report 2009
_bdawn of a better market!
_h[electronic resource]
260 _c2010
520 _aAccording to data collected between July and December 2009, 12.4% of shops are standing empty across Great Britain. This average figure represents an increase of 25% over the previous figure of 10% vacancies from June 2009. The first half of 2009 saw vacancies increase by 100%.This survey of over 700 town centres shows overall shop vacancies have very nearly doubled in England and Wales since the end of 2008. All regions saw a jump in vacancy reflected in the 2009 mid-year figures, but these rates have moderated significantly in the current survey.
590 _aKA NTK
651 4 _aUnited Kingdom
_y
690 _aPROPERTY-COMMERCIAL PROPERTY-RETAIL PROPERTY
690 _aPROPERTY-COMMERCIAL PROPERTY-COMMERCIAL PROPERTY MARKET
856 4 8 _uhttps://www.bpf.org.uk/en/files/press_release_docs/20100210_LDC-End-Year-Report-2009.pdf
_zView the report free of charge at www.bpf.org.uk
942 _n0
999 _c110450
_d110450